Thiết kế mô hình thu và khảo sát chất lượng nước mưa tại thành phố Cần Thơ : Luận văn tốt nghiệp Cao học. Chuyên ngành Quản lý tài nguyên và Môi trường

Khảo sát diễn biến chất lượng nước mưa tại thành phố Cần Thơ thay đổi như thế nào theo thời gian. Từ đó, có thể đưa ra những thông tin nền cho việc bước đầu xác định những yếu tố ảnh hưởng đến chất lượng nước mưa và đề ra nhu...

Popoln opis

Shranjeno v:
Bibliografske podrobnosti
Glavni avtor: Trần, Thị Diễm Xuân
Format: Knjiga
Jezik:Undetermined
Izdano: Cần Thơ Trường Đại học Cần Thơ 2017
Teme:
Oznake: Označite
Brez oznak, prvi označite!
Thư viện lưu trữ: Trung tâm Học liệu Trường Đại học Cần Thơ
LEADER 01356nam a2200205Ia 4500
001 CTU_224960
008 210402s9999 xx 000 0 und d
082 |a 333.911 
082 |b X502 
100 |a Trần, Thị Diễm Xuân 
245 0 |a Thiết kế mô hình thu và khảo sát chất lượng nước mưa tại thành phố Cần Thơ : 
245 0 |b Luận văn tốt nghiệp Cao học. Chuyên ngành Quản lý tài nguyên và Môi trường 
245 0 |c Trần Thị Diễm Xuân ; Dương Văn Ni (Cán bộ hướng dẫn) 
260 |a Cần Thơ 
260 |b Trường Đại học Cần Thơ 
260 |c 2017 
520 |a Khảo sát diễn biến chất lượng nước mưa tại thành phố Cần Thơ thay đổi như thế nào theo thời gian. Từ đó, có thể đưa ra những thông tin nền cho việc bước đầu xác định những yếu tố ảnh hưởng đến chất lượng nước mưa và đề ra những biện pháp nhằm quản lý tốt chất lượng nước mưa. 
650 |a Water quality management,Quản lý chất lượng nước 
910 |b nthai 
980 |a Trung tâm Học liệu Trường Đại học Cần Thơ